ISO-3 Country Codes - Statistics

General Stats
  • This quiz has been taken 6 times
  • The average score is 42 of 196
Answer Stats
Country ISO-3 code % Correct
Andorra AND
83%
Afghanistan AFG
67%
Albania ALB
67%
Argentina ARG
67%
Benin BEN
67%
China CHN
67%
France FRA
67%
Georgia GEO
67%
Armenia ARM
50%
Australia AUS
50%
Austria AUT
50%
Azerbaijan AZE
50%
Belgium BEL
50%
Bahamas BHS
50%
Bolivia BOL
50%
Brazil BRA
50%
Brunei BRN
50%
Bhutan BTN
50%
Canada CAN
50%
Chile CHL
50%
Cameroon CMR
50%
Germany DEU
50%
Eritrea ERI
50%
Estonia EST
50%
Fiji FJI
50%
Gabon GAB
50%
Ghana GHA
50%
India IND
50%
Iran IRN
50%
Iraq IRQ
50%
Israel ISR
50%
Italy ITA
50%
Mexico MEX
50%
Angola AGO
33%
Burundi BDI
33%
Bangladesh BGD
33%
Bahrain BHR
33%
Belarus BLR
33%
Belize BLZ
33%
Colombia COL
33%
Comoros COM
33%
Cape Verde CPV
33%
Cuba CUB
33%
Cyprus CYP
33%
Czech Republic CZE
33%
Djibouti DJI
33%
Dominica DMA
33%
Dominican Republic DOM
33%
Ecuador ECU
33%
Egypt EGY
33%
Ethiopia ETH
33%
Finland FIN
33%
Federated States of Micronesia FSM
33%
Greece GRC
33%
Guatemala GTM
33%
Guyana GUY
33%
Haiti HTI
33%
Hungary HUN
33%
Indonesia IDN
33%
Jamaica JAM
33%
Jordan JOR
33%
Kazakhstan KAZ
33%
Kenya KEN
33%
Kiribati KIR
33%
Kuwait KWT
33%
Laos LAO
33%
Libya LBY
33%
Liechtenstein LIE
33%
Eswatini SWZ
33%
Tuvalu TUV
33%
Uganda UGA
33%
Ukraine UKR
33%
Venezuela VEN
33%
Zambia ZMB
33%
Antigua and Barbuda ATG
17%
Burkina Faso BFA
17%
Bulgaria BGR
17%
Bosnia and Herzegovina BIH
17%
Barbados BRB
17%
Botswana BWA
17%
Switzerland CHE
17%
Democratic Republic of the Congo COD
17%
Denmark DNK
17%
Algeria DZA
17%
Spain ESP
17%
Ireland | United Kingdom GBR
17%
Guinea GIN
17%
Gambia GMB
17%
Guinea-Bissau GNB
17%
Grenada GRD
17%
Honduras HND
17%
Croatia HRV
17%
Japan JPN
17%
Cambodia KHM
17%
South Korea KOR
17%
Lithuania LTU
17%
Luxembourg LUX
17%
Morocco MAR
17%
Madagascar MDG
17%
Maldives MDV
17%
Mali MLI
17%
Malta MLT
17%
Mauritius MUS
17%
Malaysia MYS
17%
Namibia NAM
17%
Niger NER
17%
Norway NOR
17%
Nepal NPL
17%
Nauru NRU
17%
New Zealand NZL
17%
Oman OMN
17%
Pakistan PAK
17%
Peru PER
17%
Poland POL
17%
Portugal PRT
17%
Qatar QAT
17%
Russia RUS
17%
Rwanda RWA
17%
Sudan SDN
17%
Senegal SEN
17%
Singapore SGP
17%
Somalia SOM
17%
Serbia SRB
17%
South Sudan SSD
17%
Suriname SUR
17%
Slovakia SVK
17%
Slovenia SVN
17%
Sweden SWE
17%
Syria SYR
17%
Chad TCD
17%
Thailand THA
17%
East Timor TLS
17%
Tonga TON
17%
Tunisia TUN
17%
Turkey TUR
17%
Vatican City VAT
17%
Yemen YEM
17%
United Arab Emirates ARE
0%
Samoa ASM
0%
Central African Republic CAF
0%
Ivory Coast CIV
0%
Republic of the Congo COG
0%
Costa Rica CRI
0%
Equatorial Guinea GNQ
0%
Iceland ISL
0%
Kyrgyzstan KGZ
0%
Saint Kitts and Nevis KNA
0%
Lebanon LBN
0%
Liberia LBR
0%
Saint Lucia LCA
0%
Sri Lanka LKA
0%
Lesotho LSO
0%
Latvia LVA
0%
Monaco MCO
0%
Moldova MDA
0%
Marshall Islands MHL
0%
North Macedonia MKD
0%
Myanmar MMR
0%
Montenegro MNE
0%
Mongolia MNG
0%
Mozambique MOZ
0%
Mauritania MRT
0%
Malawi MWI
0%
Nigeria NGA
0%
Nicaragua NIC
0%
Netherlands NLD
0%
Panama PAN
0%
Philippines PHL
0%
Palau PLW
0%
Papua New Guinea PNG
0%
North Korea PRK
0%
Paraguay PRY
0%
Romania ROU
0%
Saudi Arabia SAU
0%
Solomon Islands SLB
0%
Sierra Leone SLE
0%
El Salvador SLV
0%
San Marino SMR
0%
São Tomé and Príncipe STP
0%
Seychelles SYC
0%
Togo TGO
0%
Tajikistan TJK
0%
Turkmenistan TKM
0%
Trinidad and Tobago TTO
0%
Taiwan TWN
0%
Tanzania TZA
0%
United States UMI
0%
Uruguay URY
0%
Uzbekistan UZB
0%
Saint Vincent and the Grenadines VCT
0%
Vietnam VNM
0%
Vanuatu VUT
0%
Kosovo (user assigned) XKX
0%
South Africa ZAF
0%
Zimbabwe ZWE
0%
No matching quizzes found
Score Distribution
Percent of People with Each Score
Percentile by Number Answered
Your Score History
You have not taken this quiz